000 00319nam a22001337a 4500
008 170623b xxu||||| |||| 00| 0 eng d
020 _a9780205642496
041 _aeng
080 _28 ED
_a32
100 _a21
101 _aSHP
245 _aTHE OTHER WORLD ISSUES POLITICS
_cWEATHERBY.J.NN
942 _2udc
_cBK
999 _c19100
_d19100